Score 0/18 Timer 03:00
0 Plays Today
Phrase Missing Word % Correct
Here Comes Honey ____ ____ Boo Boo
89.6%
____, ____ Leroy BrownBad Bad
88.9%
Divine Secrets of the ____ ____ SisterhoodYa-Ya
84.7%
The ____ ____ DollsGoo Goo
82.7%
____ ____ MaYo-Yo
79.6%
____ ____ Bang BangChitty Chitty
78.7%
____ ____ GaborZsa Zsa
77.2%
Sha ____ ____ Na Na
74.1%
Brooklyn ____ ____ Nine-Nine
71.3%
Phrase Missing Word % Correct
____ ____ BinksJar Jar
69.1%
____ ____ Pitiful MePoor Poor
57.1%
Yo ____ ____Gabba Gabba
44.2%
The ____ ____ BosstonesMighty Mighty
43.1%
____ ____ RubbleBamm-Bamm
39.4%
____ ____ GhaliBoutros Boutros
36.9%
The ____ ____ BackWay Way
36.8%
____ ____ Clinton-DixHa Ha
32.2%
____ ____ the Jet PlaneJay Jay
15%

Today's Daily Dose

You're not logged in!

Compare scores with friends on all Sporcle quizzes.
OR
Log In

Sporcle TV

Today on Sporcle TV


Watch our educational content, quiz creation guides, and fun videos on Sporcle TV.

Show Comments

Extras

Top Quizzes Today


Score Distribution

Your Account Isn't Verified!

In order to create a playlist on Sporcle, you need to verify the email address you used during registration. Go to your Sporcle Settings to finish the process.

Report this User

Report this user for behavior that violates our Community Guidelines.

Details: